000 00546cam a2200181 4500500
005 20260329005828.0
041 _afre
042 _adc
100 1 0 _aLarmagnac-Matheron, Octave
_eauthor
245 0 0 _aSéminaire “Race et Culture” 2025
260 _c2025.
500 _a26
690 _aCulture
690 _aRace
690 _aSéminaire
786 0 _nPhilosophie magazine | 189 | 5 | 2025-05-01 | p. 7-7 | 1951-1787
856 4 1 _uhttps://shs.cairn.info/magazine-philosophie-magazine-2025-5-page-7?lang=fr&redirect-ssocas=7080
999 _c1847052
_d1847052